书目信息 |
| 题名: |
大学物理课程学习与解题指导
|
|
| 作者: | 李炳虎 主编 | |
| 分册: | ||
| 出版信息: | 长沙 湖南大学出版社 2003.01 |
|
| 页数: | 269页 | |
| 开本: | 26cm | |
| 丛书名: | ||
| 单 册: | ||
| 中图分类: | O4 | |
| 科图分类: | ||
| 主题词: | 物理学--高等学校--学习参考资料 | |
| 电子资源: | ||
| ISBN: | 7-81053-590-0 | |
| 000 | 00767nam0 2200217 450 | |
| 001 | 0152234221 | |
| 005 | 20051018084519.98 | |
| 010 | @a7-81053-590-0@dCNY19.00 | |
| 100 | @a20030912d2003 km y0chiy0120 ea | |
| 101 | 0 | @achi |
| 102 | @aCN@b430000 | |
| 105 | @aa z 000yy | |
| 200 | 1 | @a大学物理课程学习与解题指导@Ada xue wu li ke cheng xue xi yu jie ti zhi dao@f李炳虎主编@Fli bing hu zhu bian |
| 210 | @a长沙@c湖南大学出版社@d2003.01 | |
| 215 | @a269页@c图@d26cm | |
| 330 | @a本书对大学物理力学、振动和波、热学、电磁学、量子力学等篇章作了具体、明确的指导,对解题的思路和方法进行了详尽的分析和说明。 | |
| 606 | 0 | @a物理学@x高等学校@x学习参考资料 |
| 690 | @aO4@v4 | |
| 701 | 0 | @a李炳虎@Ali bing hu@4主编 |
| 801 | 0 | @aCN@bQSSK@c20051018 |
| 905 | @a10447@dO4@eL122 | |
| 大学物理课程学习与解题指导/李炳虎主编.-长沙:湖南大学出版社,2003.01 |
| 269页:图;26cm |
| ISBN 7-81053-590-0:CNY19.00 |
| 本书对大学物理力学、振动和波、热学、电磁学、量子力学等篇章作了具体、明确的指导,对解题的思路和方法进行了详尽的分析和说明。 |
| ● |
| 相关链接 |
|
|
|
正题名:大学物理课程学习与解题指导
索取号:O4/L122
 
预约/预借
| 序号 | 登录号 | 条形码 | 馆藏地/架位号 | 状态 | 备注 |
| 1 | 569673 | 205696736 | 自科库401/401自科库 55排2列1层/ [索取号:O4/L122] | 在馆 | |
| 2 | 569674 | 205696745 | 自科库401/401自科库 54排1列2层/ [索取号:O4/L122] | 在馆 | |
| 3 | 569675 | 205696754 | 自科库401/401自科库 54排1列2层/ [索取号:O4/L122] | 在馆 |